[Event "Pan American-ch School U15 Girls 12th"]
[Site "Callao"]
[Date "2023.10.19"]
[Round "7"]
[White "Pichilingue Orbe, Camila Belen"]
[Black "Chamba Guerrero, Salome"]
[Result "1/2-1/2"]
[WhiteElo "1174"]
[BlackElo "1349"]
[PlyCount "67"]
[EventDate "2023.10.16"]
[EventType "swiss"]
[EventRounds "9"]
[EventCountry "PER"]
[SourceTitle "Mega2024 Update 01"]
[Source "Chessbase"]
[SourceDate "2023.11.12"]
[SourceVersion "1"]
[SourceVersionDate "2023.11.12"]
[SourceQuality "1"]

1. d4 Nf6 2. c4 c5 3. d5 d6 4. Nc3 g6 5. Nf3 Bg7 6. e4 0-0 7. Be2 e6 8. 0-0 exd5 9. cxd5 a6 10. a4 Nbd7 11. Qc2 Re8 12. Bg5 h6 13. Bh4 Qc7 14. h3 Nh5 15. Nd2 Nf4 16. Bc4 Ne5 17. Bg3 g5 18. Ne2 Nfg6 19. f4 gxf4 20. Nxf4 Qe7 21. Rae1 Nxf4 22. Bxf4 Bd7 23. Be2 b5 24. b3 Rac8 25. Qa2 f5 26. axb5 axb5 27. exf5 Qf7 28. f6 Qxf6 29. Bh5 Ng6 30. Be5 Qg5 31. Bxg7 Kxg7 32. Qb2+ Kg8 33. Bxg6 Qxg6 34. Qc3 1/2-1/2

[Event "Pan American-ch School U15 Girls 12th"]
[Site "Callao"]
[Date "2023.10.18"]
[Round "5"]
[White "Maravi Ceron, Ayme Jacqueline"]
[Black "Chamba Guerrero, Salome"]
[Result "1-0"]
[WhiteElo "1425"]
[BlackElo "1349"]
[PlyCount "71"]
[EventDate "2023.10.16"]
[EventType "swiss"]
[EventRounds "9"]
[EventCountry "PER"]
[SourceTitle "Mega2024 Update 01"]
[Source "Chessbase"]
[SourceDate "2023.11.12"]
[SourceVersion "1"]
[SourceVersionDate "2023.11.12"]
[SourceQuality "1"]

1. e4 e6 2. d4 d5 3. e5 c5 4. c3 Qb6 5. Nf3 Bd7 6. a3 Bb5 7. Bxb5+ Qxb5 8. b4 cxd4 9. cxd4 Ne7 10. Nc3 Qd7 11. a4 a6 12. 0-0 Nf5 13. g4 Nh6 14. Bxh6 gxh6 15. b5 Rg8 16. h3 h5 17. g5 Be7 18. Kh1 Qd8 19. h4 Nd7 20. Nh2 Nf8 21. Qxh5 Qb6 22. Rfd1 Rc8 23. a5 Qd8 24. Na4 Qxa5 25. Nc5 Qb6 26. bxa6 Bxc5 27. dxc5 Qc6 28. axb7 Qxb7 29. Ng4 Nd7 30. Qxh7 Ke7 31. Nh6 Nxe5 32. Nxg8+ Rxg8 33. Rdb1 Qc8 34. Ra7+ Nd7 35. Rbb7 Rd8 36. g6 1-0

[Event "Pan American-ch School U15 Girls 12th"]
[Site "Callao"]
[Date "2023.10.16"]
[Round "2"]
[White "Chamba Guerrero, Salome"]
[Black "Sanchez Cruz, Mireya Jassly"]
[Result "1/2-1/2"]
[WhiteElo "1349"]
[BlackElo "1513"]
[PlyCount "70"]
[EventDate "2023.10.16"]
[EventType "swiss"]
[EventRounds "9"]
[EventCountry "PER"]
[SourceTitle "Mega2024 Update 01"]
[Source "Chessbase"]
[SourceDate "2023.11.12"]
[SourceVersion "1"]
[SourceVersionDate "2023.11.12"]
[SourceQuality "1"]

1. e4 e5 2. Nc3 Nf6 3. g3 Bc5 4. Bg2 d6 5. Nge2 a5 6. d3 h6 7. 0-0 a4 8. a3 c6 9. h3 b5 10. d4 exd4 11. Nxd4 Qb6 12. Be3 0-0 13. Qd3 Nbd7 14. f4 Ne5 15. fxe5 dxe5 16. Nxc6 Bxe3+ 17. Kh2 Qxc6 18. Qxe3 Be6 19. Rxf6 gxf6 20. Qxh6 Bc4 21. Nd5 Bxd5 22. exd5 Qxc2 23. Qxf6 Rae8 24. Rf1 Qg6 25. Qf2 e4 26. Qe3 f5 27. Rf4 Re7 28. Bf3 Rg7 29. Be2 Qf6 30. Qc1 Qd4 31. Bxb5 Rb7 32. Bxa4 Qxa4 33. Rf2 Qd4 34. Rd2 Qd3 35. d6 Rb3 1/2-1/2

[Event "Pan American-ch School U15 Girls 12th"]
[Site "Callao"]
[Date "2023.10.16"]
[Round "1"]
[White "Pizan Rodriguez, Emelin Solans"]
[Black "Chamba Guerrero, Salome"]
[Result "0-1"]
[WhiteElo "1014"]
[BlackElo "1349"]
[PlyCount "132"]
[EventDate "2023.10.16"]
[EventType "swiss"]
[EventRounds "9"]
[EventCountry "PER"]
[SourceTitle "Mega2024 Update 01"]
[Source "Chessbase"]
[SourceDate "2023.11.12"]
[SourceVersion "1"]
[SourceVersionDate "2023.11.12"]
[SourceQuality "1"]

1. e4 e5 2. Nf3 Nc6 3. Bc4 Bc5 4. c3 Nf6 5. d3 d6 6. Nbd2 Be6 7. Bb3 Qe7 8. Bc2 0-0 9. Nf1 d5 10. Qe2 dxe4 11. dxe4 Ng4 12. Be3 Nxe3 13. Nxe3 a6 14. 0-0 h6 15. h3 Bxe3 16. Qxe3 Rad8 17. Rad1 Bc4 18. Rxd8 Rxd8 19. Rd1 Rxd1+ 20. Bxd1 Qd6 21. Qd2 Qd3 22. Qxd3 Bxd3 23. Nd2 Nd8 24. f3 Ne6 25. Kf2 Bb5 26. g3 Nc5 27. Be2 Nd3+ 28. Bxd3 Bxd3 29. Ke3 Bb5 30. h4 Kf8 31. b3 Ke7 32. a4 Bd7 33. Nc4 Be6 34. Kd3 f6 35. b4 Bd7 36. Nb2 Bh3 37. Ke3 Be6 38. Kd3 b6 39. c4 Kd6 40. g4 a5 41. b5 h5 42. gxh5 Bf7 43. Ke3 Bxh5 44. Nd3 Bf7 45. Nb2 Kc5 46. Kd3 Kb4 47. Ke3 Kb3 48. Nd1 Bxc4 49. f4 Kxa4 50. fxe5 fxe5 51. Nc3+ Kb4 52. Nb1 a4 53. Kd2 a3 54. Nxa3 Kxa3 55. Kc3 Bxb5 56. h5 Be8 57. Kc4 b5+ 58. Kd5 b4 59. Kxe5 b3 60. Kd4 b2 61. Kd5 b1Q 62. Kd4 Qd1+ 63. Ke3 Bxh5 64. e5 Kb3 65. Kf4 Qf3+ 66. Kg5 Qg4# 0-1